Most Valuable Goalkeepers in the World - Statistics

General Stats
  • This quiz has been taken 272 times
    135 since last reset
  • The average score is 18 of 29
Answer Stats
# Market Value Club Answer % Correct
2 €40.00m Paris Saint-Germain Gianluigi Donnarumma
100%
29 €20.00m Liverpool Alisson
97%
3 €40.00m Arsenal David Raya
96%
25 €20.00m Manchester City Ederson
91%
14 €25.00m Manchester United André Onana
88%
28 €20.00m Real Madrid Thibaut Courtois
87%
4 €40.00m Borussia Dortmund Gregor Kobel
85%
5 €32.00m Tottenham Hotspur Guglielmo Vicario
85%
26 €20.00m Atletico Madrid Jan Oblak
84%
27 €20.00m Aston Villa Emiliano Martínez
82%
15 €25.00m AC Milan Mike Maignan
77%
21 €20.00m Chelsea Robert Sánchez
77%
10 €28.00m Athletic Bilbao Unai Simón
70%
7 €30.00m Liverpool Giorgi Mamardashvili
69%
1 €40.00m FC Porto Diogo Costa
68%
16 €22.00m Manchester City James Trafford
64%
8 €30.00m Paris Saint-Germain Lucas Chevalier
64%
24 €20.00m Crystal Palace Dean Henderson
58%
11 €25.00m Barcelona Joan García
58%
6 €30.00m Brighton and Hove Albion Bart Verbruggen
56%
22 €20.00m Brentford Caoimhín Kelleher
40%
9 €28.00m Benfica Anatoliy Trubin
35%
13 €25.00m AS Roma Mile Svilar
34%
19 €20.00m Bournemouth Djordje Petrovic
29%
23 €20.00m Paris Saint-Germain Matvey Safonov
29%
12 €25.00m Atalanta Marco Carnesecchi
24%
20 €20.00m Parma Zion Suzuki
21%
17 €20.00m Toulouse Guillaume Restes
17%
18 €20.00m NEOM SC Marcin Bulka
14%
No matching quizzes found
Score Distribution
Percent of People with Each Score
Percentile by Number Answered
Your Score History
You have not taken this quiz since the last reset